[Event "Open Nuevo Centro. Jornada 5"]
[Site "Chess.com"]
[Date "2020.07.17"]
[Round "1"]
[White "Teply Koutsky, David"]
[Black "Silva Rodriguez, Fernando"]
[Result "0-1"]
[WhiteElo "1627"]
[BlackElo "2430"]
[PlyCount "92"]
[EventDate "2020.??.??"]

1. d4 d5 2. c4 dxc4 3. Nc3 a6 4. Qa4+ b5 5. Qd1 Bb7 6. a4 c6 7. e4 Nf6 8. f3
Nbd7 9. axb5 cxb5 10. Be3 e6 11. Nge2 Be7 12. Ng3 O-O 13. Be2 Qc7 14. O-O Nb6
15. Rc1 Rfd8 16. b3 b4 17. Na2 c3 18. Bd3 a5 19. Qc2 h6 20. Ne2 Nfd7 21. e5 Nd5
22. Bh7+ Kh8 23. Bxh6 gxh6 24. Qd3 Ba6 25. Qc2 Bxe2 26. Rfe1 Bb5 27. Be4 Nf8
28. Rcd1 a4 29. Qc1 Bg5 30. Qc2 axb3 31. Qxb3 Ba4 32. Qb1 b3 33. Nxc3 Nxc3 34.
Qd3 Nxd1 35. Rxd1 b2 36. Rb1 Qc1+ 37. Rxc1 bxc1=Q+ 38. Kf2 Bc2 39. Qc3 Ra2 40.
Bxc2 Rxc2+ 41. Qxc2 Qxc2+ 42. Kg3 Ng6 43. h4 Bxh4+ 44. Kh3 Qf2 45. Kg4 Qg3+ 46.
Kh5 Qg5# 0-1

[Event "Open Nuevo Centro. Jornada 5"]
[Site "Chess.com"]
[Date "2020.07.17"]
[Round "1"]
[White "Sanchis Bon, Sergi"]
[Black "Movsisyan, Tigran"]
[Result "0-1"]
[WhiteElo "959"]
[BlackElo "1861"]
[PlyCount "126"]
[EventDate "2020.??.??"]

1. e4 c5 2. Qf3 e6 3. e5 Nc6 4. Qf4 d5 5. exd6 Qxd6 6. Qxd6 Bxd6 7. Nc3 Nf6 8.
Nf3 a6 9. g3 O-O 10. Bg2 Bd7 11. O-O Rfd8 12. b3 Rab8 13. Bb2 Bf8 14. Rfe1 b5
15. Nd1 Nb4 16. Ne3 Nfd5 17. Rec1 Nxe3 18. dxe3 Bc6 19. Nh4 Bxg2 20. Nxg2 Rd2
21. Bc3 Rxc2 22. Bxb4 Rxc1+ 23. Rxc1 cxb4 24. Ne1 g6 25. Nd3 Kg7 26. Ne5 Rd8
27. Nc6 Rd2 28. Na5 Rxa2 29. Nc6 a5 30. Rb1 a4 31. bxa4 bxa4 32. Nxb4 Bxb4 33.
Rxb4 Ra1+ 34. Kg2 a3 35. Ra4 a2 36. Kf3 Kf6 37. e4 h5 38. h3 Kg7 39. h4 Kf6 40.
g4 hxg4+ 41. Kxg4 Rg1+ 42. Kf3 a1=Q 43. Rxa1 Rxa1 44. Kf4 e5+ 45. Kg4 Rg1+ 46.
Kh3 g5 47. h5 Rh1+ 48. Kg4 Rh4+ 49. Kg3 Rxh5 50. f4 exf4+ 51. Kg4 Rh4+ 52. Kf3
Ke5 53. Ke2 Kxe4 54. Kd2 f5 55. Kc3 Rh3+ 56. Kc4 Rd3 57. Kc5 f3 58. Kc4 f2 59.
Kb5 g4 60. Kc6 f1=Q 61. Kc7 Qc1+ 62. Kb6 Rb3+ 63. Ka5 Qa1# 0-1

[Event "Open Nuevo Centro. Jornada 5"]
[Site "Chess.com"]
[Date "2020.07.17"]
[Round "1"]
[White "Valverde Alcaide, Miguel Alejandro"]
[Black "Cayon Pelaez, Pablo"]
[Result "0-1"]
[WhiteElo "864"]
[BlackElo "1823"]
[PlyCount "114"]
[EventDate "2020.??.??"]

1. e4 e6 2. Nf3 d5 3. exd5 exd5 4. Qe2+ Be6 5. Nd4 Qd6 6. d3 Nf6 7. g3 Be7 8.
Bf4 Qd7 9. Nc3 c6 10. O-O-O Na6 11. Re1 Nc5 12. b4 Na6 13. Nxe6 Qxe6 14. Qxe6
fxe6 15. Rxe6 Kf7 16. Bh3 Bxb4 17. Bd6 Bxc3 18. Re7+ Kg6 19. Be5 Bxe5 20. Rxe5
Rhe8 21. Rhe1 Rxe5 22. Rxe5 Re8 23. f4 Nc5 24. Kd2 Rxe5 25. fxe5 Nfd7 26. e6
Nf6 27. Kc3 Ng8 28. Kb4 b6 29. d4 Ne4 30. c4 Kf6 31. c5 bxc5+ 32. dxc5 Ng5 33.
Ka5 Nxh3 34. Ka6 Kxe6 35. Kxa7 Kd7 36. Kb7 Ng1 37. a4 Ne7 38. a5 Nc8 39. a6 Nf3
40. a7 Nxa7 41. Kxa7 Nxh2 42. Kb6 g5 43. Kb7 h5 44. Kb6 Nf3 45. Ka5 h4 46. Kb4
hxg3 47. Kc3 g2 48. Kd3 g1=Q 49. Ke2 Qe1+ 50. Kxf3 Qe4+ 51. Kf2 Qd3 52. Ke1 Qc2
53. Kf1 Ke6 54. Kg1 Kf5 55. Kf1 Kf4 56. Ke1 Ke3 57. Kf1 Qf2# 0-1

[Event "Open Nuevo Centro. Jornada 5"]
[Site "Chess.com"]
[Date "2020.07.17"]
[Round "1"]
[White "Jordan Martinez, Miguel"]
[Black "Kovacevic, Slobodan"]
[Result "1/2-1/2"]
[WhiteElo "1722"]
[BlackElo "2183"]
[PlyCount "115"]
[EventDate "2020.??.??"]

1. e4 c5 2. b3 e6 3. Bb2 b6 4. g3 Bb7 5. Bg2 Nf6 6. d3 d6 7. Ne2 Nc6 8. O-O Qc7
9. Nbc3 Be7 10. f4 a6 11. a4 O-O 12. Kh1 Rac8 13. Qd2 Nb4 14. Na2 Nc6 15. c4
Rfd8 16. Nac3 Rb8 17. h3 Nd4 18. Nxd4 cxd4 19. Ne2 e5 20. g4 b5 21. axb5 axb5
22. g5 Nd7 23. f5 Nc5 24. f6 Bf8 25. fxg7 Bxg7 26. b4 Nb3 27. Qc2 Nxa1 28. Bxa1
bxc4 29. dxc4 Rdc8 30. Ng3 Qxc4 31. Qf2 Rc7 32. Nh5 Qxb4 33. Nf6+ Bxf6 34. gxf6
Kh8 35. Qh4 Rg8 36. Bf3 Qb5 37. Rg1 Rxg1+ 38. Kxg1 Rc1+ 39. Kh2 Rc2+ 40. Bg2
Qf1 41. Qg5 Rxg2+ 42. Qxg2 Qxg2+ 43. Kxg2 Bxe4+ 44. Kg3 Bf5 45. h4 h6 46. h5
Kg8 47. Bb2 Bc2 48. Bc1 Bd1 49. Kh4 Kh7 50. Ba3 Be2 51. Bxd6 e4 52. Be5 d3 53.
Bf4 Bf3 54. Be3 Be2 55. Bd2 Bf3 56. Be3 Be2 57. Bd2 Bf3 58. Be3 1/2-1/2

[Event "Open Nuevo Centro. Jornada 5"]
[Site "Chess.com"]
[Date "2020.07.17"]
[Round "2"]
[White "Hassomal Daswani, Birjkumar"]
[Black "Perez Garcia, Jose Miguel"]
[Result "1/2-1/2"]
[WhiteElo "1824"]
[BlackElo "2087"]
[PlyCount "34"]
[EventDate "2020.??.??"]

1. e4 c6 2. d4 d5 3. e5 c5 4. c3 Nc6 5. Nf3 Bg4 6. Bb5 Qb6 7. Bxc6+ bxc6 8. O-O
e6 9. h3 Bxf3 10. Qxf3 cxd4 11. cxd4 Qxd4 12. Nc3 Qb6 13. a3 a5 14. Na4 Qb5 15.
Nc3 Qb6 16. Na4 Qb5 17. Nc3 Qb6 1/2-1/2

[Event "Open Nuevo Centro. Jornada 5"]
[Site "Chess.com"]
[Date "2020.07.17"]
[Round "2"]
[White "Donate Peris, Jose Manuel"]
[Black "Simó Serrano, Javier"]
[Result "1-0"]
[WhiteElo "1538"]
[BlackElo "932"]
[PlyCount "25"]
[EventDate "2020.??.??"]

1. d4 d5 2. c4 c6 3. cxd5 cxd5 4. Nf3 Bf5 5. Nc3 e6 6. a3 Nc6 7. Bf4 Bd6 8. Bg3
Bxg3 9. hxg3 Nf6 10. e3 Ng4 11. Bd3 Bxd3 12. Qxd3 O-O 13. Qxh7# 1-0

[Event "Open Nuevo Centro. Jornada 5"]
[Site "Chess.com"]
[Date "2020.07.17"]
[Round "2"]
[White "Fitzpatrick Dimas, Kevin"]
[Black "Donate Moreno, David"]
[Result "0-1"]
[WhiteElo "955"]
[BlackElo "1576"]
[PlyCount "30"]
[EventDate "2020.??.??"]

1. e4 Nf6 2. Nc3 e5 3. Bc4 Bc5 4. d3 c6 5. b3 d5 6. exd5 O-O 7. dxc6 Qd4 8. Be3
Qxc3+ 9. Bd2 Qd4 10. Be3 Bb4+ 11. Bd2 Bxd2+ 12. Qxd2 Qxa1+ 13. Ke2 e4 14. dxe4
Nxe4 15. Qd4 Qxd4 0-1

[Event "Open Nuevo Centro. Jornada 5"]
[Site "Chess.com"]
[Date "2020.07.17"]
[Round "2"]
[White "Cebrián Granado, Guille"]
[Black "Bercaru, Vlad Ionut"]
[Result "0-1"]
[WhiteElo "414"]
[BlackElo "1930"]
[PlyCount "50"]
[EventDate "2020.??.??"]

1. e4 c5 2. d4 cxd4 3. Nf3 Nc6 4. Nc3 dxc3 5. bxc3 d6 6. a4 Nf6 7. Ra3 Bg4 8.
Bb2 Bxf3 9. Be2 Bxe2 10. Kxe2 e6 11. c4 Be7 12. f4 O-O 13. g3 Nxe4 14. c3 d5
15. Bc1 Bxa3 16. Bxa3 dxc4 17. Bc1 Qxd1+ 18. Rxd1 Nxc3+ 19. Kd2 Nxd1 20. Kxd1
Rfd8+ 21. Kc2 Rac8 22. Kb1 Nb4 23. Bd2 c3 24. Bc1 Rd1 25. Ka1 Rxc1# 0-1

[Event "Open Nuevo Centro. Jornada 5"]
[Site "Chess.com"]
[Date "2020.07.17"]
[Round "2"]
[White "Martin Ayala, David"]
[Black "Gracia Calvo, Andrés"]
[Result "1-0"]
[WhiteElo "2110"]
[BlackElo "1805"]
[PlyCount "33"]
[EventDate "2020.??.??"]

1. e4 d5 2. exd5 Qxd5 3. Nc3 Qd6 4. Bc4 Nf6 5. Nf3 Bg4 6. O-O e6 7. d3 Be7 8.
Nb5 Qd8 9. Bf4 Na6 10. h3 Bh5 11. Re1 c6 12. Nbd4 Nc7 13. Bxc7 Qxc7 14. Bxe6
fxe6 15. Nxe6 Bxf3 16. Nxc7+ Kd7 17. Qxf3 1-0

[Event "Open Nuevo Centro. Jornada 5"]
[Site "Chess.com"]
[Date "2020.07.17"]
[Round "2"]
[White "Chofre Murcia, Adrián"]
[Black "Ainsa Jimenez, Lucas"]
[Result "1-0"]
[WhiteElo "1667"]
[BlackElo "1033"]
[PlyCount "43"]
[EventDate "2020.??.??"]

1. e4 e5 2. Nc3 Nf6 3. f4 exf4 4. Nf3 Nc6 5. d4 d5 6. e5 Nh5 7. Bb5 Bd7 8. O-O
Qe7 9. Nxd5 Qe6 10. Nxc7+ Ke7 11. Nxe6 Kxe6 12. Ng5+ Ke7 13. Qxh5 g6 14. Qf3
Nxd4 15. Qxf4 Bxb5 16. Qxf7+ Kd8 17. Rd1 Kc8 18. Rxd4 Bc5 19. Be3 Rd8 20. Rxd8+
Kxd8 21. Ne6+ Kc8 22. Qc7# 1-0

[Event "Open Nuevo Centro. Jornada 5"]
[Site "Chess.com"]
[Date "2020.07.17"]
[Round "2"]
[White "Zamora Soler, Raul"]
[Black "Gimeno Higueras, Roberto"]
[Result "0-1"]
[WhiteElo "1795"]
[BlackElo "2082"]
[PlyCount "54"]
[EventDate "2020.??.??"]

1. Nf3 f5 2. d4 Nf6 3. e3 g6 4. Be2 Bg7 5. b3 d6 6. Bb2 O-O 7. Nbd2 c6 8. O-O
Nbd7 9. c4 Re8 10. a3 e5 11. dxe5 dxe5 12. Ng5 h6 13. Ne6 Rxe6 14. b4 Nf8 15.
c5 Nd5 16. Bc4 e4 17. Bxg7 Kxg7 18. Nb3 Qf6 19. Nd4 Re8 20. Rc1 Ne6 21. Nxe6+
Bxe6 22. Qd2 Rad8 23. Rfd1 Nc3 24. Qxc3 Rxd1+ 25. Bf1 Qxc3 26. Rxc3 Red8 27. h3
Re1 0-1

[Event "Open Nuevo Centro. Jornada 5"]
[Site "Chess.com"]
[Date "2020.07.17"]
[Round "2"]
[White "Miranda Calvo, Max Rodrigo"]
[Black "Fernández Martín, Berta"]
[Result "1-0"]
[WhiteElo "1316"]
[BlackElo "632"]
[PlyCount "21"]
[EventDate "2020.??.??"]

1. e4 e5 2. Nf3 Nc6 3. Bc4 f6 4. d3 Bc5 5. h3 Nge7 6. O-O d5 7. exd5 Nxd5 8.
Bxd5 Qxd5 9. Nc3 Qd6 10. Ne4 Qd5 11. c4 1-0

[Event "Open Nuevo Centro. Jornada 5"]
[Site "Chess.com"]
[Date "2020.07.17"]
[Round "2"]
[White "Vega Gutiérrez, Sabrina"]
[Black "Gómez Alonso, Óscar"]
[Result "1-0"]
[WhiteElo "2177"]
[BlackElo "1828"]
[PlyCount "33"]
[EventDate "2020.??.??"]

1. e4 c5 2. Nf3 e6 3. d4 cxd4 4. Nxd4 Nf6 5. Nc3 Nc6 6. Ndb5 d6 7. Bf4 e5 8.
Bg5 a6 9. Na3 b5 10. Nd5 Be6 11. c3 Bxd5 12. exd5 Ne7 13. Bxf6 gxf6 14. Nxb5
Qb6 15. Qa4 Nxd5 16. Nc7+ Ke7 17. Nxd5+ 1-0

[Event "Open Nuevo Centro. Jornada 5"]
[Site "Chess.com"]
[Date "2020.07.17"]
[Round "2"]
[White "Garrido Silos, Pablo"]
[Black "Alvarez Usina, Joan"]
[Result "1-0"]
[WhiteElo "1431"]
[BlackElo "655"]
[PlyCount "37"]
[EventDate "2020.??.??"]

1. e4 e5 2. Nf3 Nc6 3. Bb5 Bb4 4. Bxc6 bxc6 5. Nxe5 Bc5 6. Nf3 Nf6 7. O-O Nxe4
8. Re1 Qe7 9. Re2 d5 10. d3 Be6 11. dxe4 dxe4 12. Rxe4 Bb6 13. Nd4 Qc5 14. Nxe6
fxe6 15. Rxe6+ Kf7 16. Re2 Rad8 17. Qe1 Rhe8 18. Be3 Qxc2 19. Rxc2 1-0

[Event "Open Nuevo Centro. Jornada 5"]
[Site "Chess.com"]
[Date "2020.07.17"]
[Round "2"]
[White "Grigorev, Artur"]
[Black "Yatseta Fernandez, Marc Kazymyr"]
[Result "0-1"]
[WhiteElo "928"]
[BlackElo "1530"]
[PlyCount "40"]
[EventDate "2020.??.??"]

1. e4 e5 2. Nf3 Nc6 3. Bc4 d6 4. Nc3 Be7 5. d3 Nf6 6. Nd5 Nxd5 7. exd5 Na5 8.
Bb5+ c6 9. dxc6 Nxc6 10. Bxc6+ bxc6 11. O-O O-O 12. Be3 Bg4 13. h3 Bh5 14. Qd2
Bxf3 15. gxf3 d5 16. Kh2 d4 17. Bxd4 exd4 18. Rg1 Bf6 19. Qh6 Kh8 20. Rae1 gxh6
0-1

[Event "Open Nuevo Centro. Jornada 5"]
[Site "Chess.com"]
[Date "2020.07.17"]
[Round "2"]
[White "Martínez Cuenca, Adrián"]
[Black "Marques Montolio, Luis"]
[Result "0-1"]
[WhiteElo "653"]
[BlackElo "1370"]
[PlyCount "52"]
[EventDate "2020.??.??"]

1. e4 d5 2. exd5 Qxd5 3. Bb5+ c6 4. Be2 Bf5 5. h3 e6 6. g4 Bxg4 7. hxg4 Qxh1 8.
f4 Qxg1+ 9. Bf1 Qg3+ 10. Ke2 Qxg4+ 11. Ke3 Qxd1 12. Be2 Qg1+ 13. Kd3 Qxc1 14.
b4 Nf6 15. Bf3 Bxb4 16. c3 Bd6 17. Kc4 Bxf4 18. d4 O-O 19. Kb3 Nbd7 20. c4 Nb6
21. a3 Qe3+ 22. Nc3 Qxf3 23. Rh1 Bd2 24. Rh4 Qxc3+ 25. Ka2 Bc1 26. Kb1 Qb2# 0-1

[Event "Open Nuevo Centro. Jornada 5"]
[Site "Chess.com"]
[Date "2020.07.17"]
[Round "2"]
[White "Martínez Cuenca, Jose Andrés"]
[Black "Gimenez Saiz, Jose Raul"]
[Result "0-1"]
[WhiteElo "947"]
[BlackElo "1543"]
[PlyCount "44"]
[EventDate "2020.??.??"]

1. e4 d5 2. exd5 Nf6 3. Nf3 Bg4 4. Be2 Qxd5 5. Nc3 Qh5 6. O-O Nc6 7. Re1 O-O-O
8. d3 e5 9. Bg5 h6 10. Bxf6 gxf6 11. Nd2 Bxe2 12. Qxe2 Qg5 13. Nde4 Qg6 14.
Rad1 Rg8 15. g3 f5 16. Nd2 Nd4 17. Qxe5 Nxc2 18. Re2 Bd6 19. Qb5 Nd4 20. Qd5
Nxe2+ 21. Nxe2 Bxg3 22. hxg3 Rxd5 0-1

[Event "Open Nuevo Centro. Jornada 5"]
[Site "Chess.com"]
[Date "2020.07.17"]
[Round "2"]
[White "Silva Rodriguez, Fernando"]
[Black "Castellano López, Javier"]
[Result "1-0"]
[WhiteElo "2431"]
[BlackElo "1871"]
[PlyCount "49"]
[EventDate "2020.??.??"]

1. d4 Nf6 2. Nc3 d5 3. Bf4 e6 4. e3 Bd6 5. Qf3 c5 6. O-O-O Nc6 7. g4 a6 8. g5
Ng8 9. h4 Nge7 10. h5 b5 11. Kb1 c4 12. e4 Bxf4 13. Qxf4 dxe4 14. Nxe4 O-O 15.
Bg2 Nd5 16. Qg3 Qa5 17. Ne2 Ncb4 18. Nc1 Bb7 19. c3 Nc6 20. Nf6+ Nxf6 21. gxf6
g6 22. hxg6 fxg6 23. Rxh7 Kxh7 24. Rh1+ Kg8 25. Qxg6# 1-0

[Event "Open Nuevo Centro. Jornada 5"]
[Site "Chess.com"]
[Date "2020.07.17"]
[Round "2"]
[White "Hernández Tomás, Efrén"]
[Black "Teply Koutsky, David"]
[Result "0-1"]
[WhiteElo "1002"]
[BlackElo "1628"]
[PlyCount "74"]
[EventDate "2020.??.??"]

1. e4 e6 2. Nf3 d5 3. exd5 exd5 4. Qe2+ Qe7 5. Qxe7+ Bxe7 6. Nc3 Nf6 7. d4 O-O
8. Bg5 Re8 9. O-O-O c6 10. Re1 Bd7 11. Bxf6 Bxf6 12. Rxe8+ Bxe8 13. Ne5 Nd7 14.
Nxd7 Bxd7 15. Ne2 Re8 16. c3 Bg5+ 17. Kc2 Bf5+ 18. Kd1 Bb1 19. f4 Bd8 20. Kc1
Bxa2 21. g3 Bc4 22. Kd2 g5 23. fxg5 Bxg5+ 24. Kd1 Bb3+ 25. Ke1 Bc1 26. Kf2 Bxb2
27. Nf4 Bxc3 28. Bd3 Bxd4+ 29. Kf3 Re3+ 30. Kg4 Be5 31. Bb1 d4 32. Rc1 f6 33.
Nd3 Be6+ 34. Kh4 Re4+ 35. Kh5 Bf7+ 36. Kh6 Bd6 37. Nb4 Bf8# 0-1

[Event "Open Nuevo Centro. Jornada 5"]
[Site "Chess.com"]
[Date "2020.07.17"]
[Round "2"]
[White "Birnoveanu, Petru"]
[Black "Fitzpatrick Dimas, Andrew"]
[Result "1-0"]
[WhiteElo "1698"]
[BlackElo "1093"]
[PlyCount "63"]
[EventDate "2020.??.??"]

1. e4 e5 2. Bc4 Nc6 3. Nf3 Bc5 4. O-O Nf6 5. d4 exd4 6. e5 Ne4 7. Re1 Nxf2 8.
Kxf2 d3+ 9. Be3 Bxe3+ 10. Rxe3 dxc2 11. Qxc2 O-O 12. Bb3 d6 13. exd6 cxd6 14.
Nc3 Bg4 15. Qd2 Bxf3 16. Rxf3 Ne5 17. Rg3 Qb6+ 18. Qe3 Qxe3+ 19. Kxe3 Rae8 20.
Kd2 Re7 21. Re1 Rfe8 22. Rge3 Rd8 23. Nd5 Ree8 24. Kd1 Rd7 25. h3 Rdd8 26. g4
Rc8 27. Rf1 Rc5 28. Nc3 g6 29. Bxf7+ Nxf7 30. Rxe8+ Kg7 31. Re7 Rd5+ 32. Nxd5
1-0

[Event "Open Nuevo Centro. Jornada 5"]
[Site "Chess.com"]
[Date "2020.07.17"]
[Round "2"]
[White "Pardo Ruiz, Beatriz"]
[Black "Valero Artagoitia, Sara"]
[Result "1-0"]
[WhiteElo "1301"]
[BlackElo "601"]
[PlyCount "55"]
[EventDate "2020.??.??"]

1. e4 e5 2. Nf3 Nf6 3. Nxe5 Nxe4 4. Qe2 Bd6 5. Qxe4 Bxe5 6. Qxe5+ Qe7 7. Qxe7+
Kxe7 8. Nc3 d6 9. Bc4 Bg4 10. O-O Kd7 11. Bxf7 Nc6 12. Bd5 Nd4 13. Bxb7 Rab8
14. Be4 Rhe8 15. Re1 d5 16. Nxd5 Ke6 17. Nxc7+ Ke5 18. Nxe8 Rxe8 19. Bxh7+ Kf6
20. Rxe8 Ne2+ 21. Kh1 Kg5 22. f3 Bf5 23. Bxf5 Kxf5 24. Rxe2 Kf4 25. Re4+ Kg5
26. c4 Kg6 27. c5 Kf7 28. c6 1-0

[Event "Open Nuevo Centro. Jornada 5"]
[Site "Chess.com"]
[Date "2020.07.17"]
[Round "2"]
[White "Soliva Ruiz, Ramon"]
[Black "Galcin Plitnikas, Artiom"]
[Result "1-0"]
[WhiteElo "1499"]
[BlackElo "807"]
[PlyCount "57"]
[EventDate "2020.??.??"]

1. d4 d5 2. Bf4 Nc6 3. e3 e6 4. Nf3 Bd6 5. Bg5 Be7 6. Bxe7 Qxe7 7. Nbd2 Nf6 8.
Bb5 O-O 9. c3 Bd7 10. O-O Ne4 11. Bd3 Nxd2 12. Qxd2 e5 13. dxe5 Nxe5 14. Nxe5
Qxe5 15. Qc2 g6 16. Rae1 Qg5 17. f4 Qf6 18. f5 Qg5 19. Rf3 c5 20. Rg3 Qf6 21.
Rf1 c4 22. fxg6 Qd6 23. gxh7+ Kh8 24. Bf5 Bxf5 25. Qxf5 f6 26. Qg6 Rae8 27. Rf4
Re4 28. Rxe4 dxe4 29. Qg7# 1-0

[Event "Open Nuevo Centro. Jornada 5"]
[Site "Chess.com"]
[Date "2020.07.17"]
[Round "2"]
[White "Saiz Sapena, Veronica"]
[Black "Perrot, Fabien"]
[Result "1-0"]
[WhiteElo "1611"]
[BlackElo "968"]
[PlyCount "53"]
[EventDate "2020.??.??"]

1. e4 e5 2. Nf3 Nc6 3. d4 exd4 4. Bc4 Bc5 5. c3 Nge7 6. cxd4 Bb6 7. O-O O-O 8.
a3 Na5 9. Ba2 d6 10. b4 Nac6 11. Bb2 Bg4 12. h3 Bxf3 13. Qxf3 Nxd4 14. Qd1 Ndc6
15. Nd2 a5 16. b5 Na7 17. a4 c6 18. Nc4 Bc7 19. b6 Bxb6 20. Nxb6 Qxb6 21. Bd4
Qc7 22. Rb1 b5 23. Re1 b4 24. Bc4 c5 25. Ba1 Rab8 26. Qg4 Kh8 27. Qxg7# 1-0

[Event "Open Nuevo Centro. Jornada 5"]
[Site "Chess.com"]
[Date "2020.07.17"]
[Round "2"]
[White "Rabbani Perez, Oumaima"]
[Black "Alvarez Usina, Jordi"]
[Result "0-1"]
[WhiteElo "628"]
[BlackElo "1311"]
[PlyCount "72"]
[EventDate "2020.??.??"]

1. e3 d5 2. Bd3 Nf6 3. Nf3 Bg4 4. Kf1 e6 5. h3 Bh5 6. g4 Bg6 7. Ne5 Be4 8. Bxe4
Nxe4 9. Nc3 Qf6 10. Nd3 Ng3+ 11. Kg1 Nxh1 12. Kxh1 Bd6 13. Nxd5 exd5 14. c3 Nc6
15. Ne1 Qxf2 16. Ng2 O-O 17. Qg1 Qxg1+ 18. Kxg1 Rfe8 19. b3 Re6 20. c4 dxc4 21.
bxc4 Rh6 22. Nf4 Bxf4 23. exf4 Rxh3 24. Kg2 Rd3 25. Bb2 Rxd2+ 26. Kf1 Rxb2 27.
Ke1 Re8+ 28. Kd1 Rbe2 29. Kc1 Re1+ 30. Kc2 Rxa1 31. Kb2 Rf1 32. f5 Rf3 33. Kc2
Re2+ 34. Kd1 Rxa2 35. Ke1 Rh3 36. Kf1 Rh1# 0-1

[Event "Open Nuevo Centro. Jornada 5"]
[Site "Chess.com"]
[Date "2020.07.17"]
[Round "2"]
[White "Más Ripoll, Vicente"]
[Black "Sampedro Roig, Josep Francesc"]
[Result "0-1"]
[WhiteElo "1081"]
[BlackElo "1685"]
[PlyCount "56"]
[EventDate "2020.??.??"]

1. e4 Nf6 2. Nc3 d5 3. e5 Nfd7 4. Nxd5 Nxe5 5. Nf4 Bf5 6. d4 Ng6 7. Bd3 Bxd3 8.
Nxg6 Bxg6 9. Be3 e6 10. Nf3 Bd6 11. Ne5 Bxe5 12. dxe5 Nc6 13. O-O Qxd1 14.
Rfxd1 Nxe5 15. Bf4 Nc6 16. Bxc7 Rc8 17. Bf4 e5 18. Re1 f6 19. c3 Kf7 20. Bg3
Rhd8 21. b4 Rd3 22. Rac1 a6 23. a4 Rcd8 24. f4 exf4 25. Bxf4 Ne7 26. b5 axb5
27. axb5 Nd5 28. Rcd1 Nxf4 0-1

[Event "Open Nuevo Centro. Jornada 5"]
[Site "Chess.com"]
[Date "2020.07.17"]
[Round "2"]
[White "Soler Nadal, Jose Antonio"]
[Black "Maestre Soler, Sergio"]
[Result "1-0"]
[WhiteElo "1521"]
[BlackElo "878"]
[PlyCount "65"]
[EventDate "2020.??.??"]

1. d4 d5 2. Bf4 Bf5 3. e3 Nc6 4. Bd3 Bxd3 5. Qxd3 Nb4 6. Qb5+ c6 7. Qxb4 e5 8.
Bxe5 Bxb4+ 9. c3 Bxc3+ 10. bxc3 Nf6 11. Nf3 O-O 12. O-O h6 13. Nbd2 Ne4 14.
Rfb1 Nxd2 15. Nxd2 Qh4 16. Rxb7 Qg4 17. Nf3 f6 18. Bg3 Rf7 19. Rab1 Rxb7 20.
Rxb7 Qc8 21. Rb1 Rb8 22. Rxb8 Qxb8 23. Bxb8 Kh7 24. Bxa7 g5 25. Bc5 Kg6 26. a4
Kf7 27. a5 Ke8 28. a6 Kd8 29. a7 Kc7 30. a8=Q Kd7 31. Qh8 Ke6 32. Qxh6 Kf5 33.
Be7 1-0

[Event "Open Nuevo Centro. Jornada 5"]
[Site "Chess.com"]
[Date "2020.07.17"]
[Round "2"]
[White "Méndez Giménez, Néstor Emmanuel"]
[Black "Cebrian Granado, Fran"]
[Result "1-0"]
[WhiteElo "1159"]
[BlackElo "577"]
[PlyCount "77"]
[EventDate "2020.??.??"]

1. e4 e5 2. Nf3 Nc6 3. Bc4 d6 4. Nc3 f6 5. d4 exd4 6. Nxd4 Nxd4 7. Qxd4 c5 8.
Qd5 Ne7 9. Qf7+ Kd7 10. Bb5+ Kc7 11. Nd5+ Kb8 12. Bf4 Be6 13. Qxe6 Nxd5 14.
Qxd5 a6 15. Be2 g5 16. Bg3 h5 17. h4 gxh4 18. Bxh4 Be7 19. O-O-O Ka7 20. Bg3
Rc8 21. Bxd6 Bxd6 22. Qxd6 Rc6 23. Qxd8 Rxd8 24. Rxd8 f5 25. exf5 Rf6 26. Rd5
b6 27. Rxh5 Rf7 28. f6 Rf8 29. Rde5 Kb7 30. Rh7+ Kc6 31. f7 Kd6 32. Re8 Rxf7
33. Rxf7 Kc6 34. Bf3+ Kb5 35. Rc8 Ka5 36. Rb7 b5 37. Ra7 c4 38. Rc6 Kb4 39.
Raxa6 1-0

[Event "Open Nuevo Centro. Jornada 5"]
[Site "Chess.com"]
[Date "2020.07.17"]
[Round "2"]
[White "Furio Martinez, Francisco"]
[Black "Gukasov, Artem"]
[Result "0-1"]
[WhiteElo "695"]
[BlackElo "1486"]
[PlyCount "66"]
[EventDate "2020.??.??"]

1. d4 Nf6 2. e3 g6 3. Nf3 Bg7 4. Be2 d6 5. O-O O-O 6. Nbd2 Bf5 7. b3 Nbd7 8.
Bb2 Re8 9. Rc1 e5 10. c3 Qe7 11. h3 exd4 12. cxd4 Be4 13. Rxc7 Bxf3 14. Bxf3 d5
15. Rxb7 Reb8 16. Rc7 Rc8 17. Rb7 Rcb8 18. Rc7 Qd8 19. Rc1 Nb6 20. Qe1 Qd7 21.
Qd1 Rc8 22. Rxc8+ Rxc8 23. Qe1 Qc7 24. Qd1 h5 25. Qe1 Qd6 26. Qd1 Nfd7 27. Qe1
f5 28. Qd1 Kh7 29. Qe1 Nf6 30. Qd1 Ne4 31. Nxe4 fxe4 32. Be2 Qf6 33. Qe1 Qg5
0-1

[Event "Open Nuevo Centro. Jornada 5"]
[Site "Chess.com"]
[Date "2020.07.17"]
[Round "2"]
[White "Macias Pino, Diego"]
[Black "Yuste Valenzuela, Alejandro"]
[Result "1-0"]
[WhiteElo "2266"]
[BlackElo "1845"]
[PlyCount "55"]
[EventDate "2020.??.??"]

1. d4 Nf6 2. Nf3 g6 3. Bf4 Bg7 4. Nbd2 d5 5. e3 O-O 6. Bd3 c6 7. c3 Nbd7 8. h3
h6 9. O-O Nb6 10. e4 dxe4 11. Nxe4 Nxe4 12. Bxe4 Nd5 13. Bh2 Be6 14. Re1 Qd7
15. Ne5 Qd8 16. Nd3 b6 17. Bxg6 fxg6 18. Rxe6 Rf6 19. Qe2 Qf8 20. Re1 b5 21.
Nc5 Qf7 22. Rxf6 Bxf6 23. Nd3 Rf8 24. Be5 Bxe5 25. Nxe5 Qf5 26. Ng4 Nf4 27.
Qxe7 Nxg2 28. Nxh6+ 1-0

[Event "Open Nuevo Centro. Jornada 5"]
[Site "Chess.com"]
[Date "2020.07.17"]
[Round "2"]
[White "Orts Tomás, Marc"]
[Black "Pedros Viudes, Santiago"]
[Result "1-0"]
[WhiteElo "1719"]
[BlackElo "1961"]
[PlyCount "63"]
[EventDate "2020.??.??"]

1. c4 e6 2. g3 d5 3. Bg2 Nf6 4. Nf3 c5 5. O-O Nc6 6. b3 d4 7. Bb2 Be7 8. e3 O-O
9. exd4 cxd4 10. d3 a5 11. Na3 e5 12. Nc2 Bd6 13. Re1 Re8 14. a3 h6 15. Qd2 Qb6
16. b4 axb4 17. axb4 Rxa1 18. Bxa1 Nxb4 19. Rb1 Qa5 20. Nxb4 Bxb4 21. Qxb4 Qxb4
22. Rxb4 e4 23. dxe4 Rxe4 24. Bxd4 Be6 25. c5 Bg4 26. Bc3 Rxb4 27. Bxb4 Nd5 28.
Ba3 Nc3 29. Nd4 Bc8 30. Bb4 Na2 31. Bd2 f6 32. Bd5+ 1-0

[Event "Open Nuevo Centro. Jornada 5"]
[Site "Chess.com"]
[Date "2020.07.17"]
[Round "2"]
[White "Rodriguez Rodriguez, Joan David"]
[Black "Sanchis Bon, Sergi"]
[Result "1-0"]
[WhiteElo "1577"]
[BlackElo "958"]
[PlyCount "57"]
[EventDate "2020.??.??"]

1. d4 d5 2. c4 Nf6 3. cxd5 Nxd5 4. e4 Nf6 5. Nc3 Nc6 6. Nf3 b6 7. Bb5 Bb7 8. d5
a6 9. dxc6 Qxd1+ 10. Nxd1 axb5 11. cxb7 Rb8 12. Nc3 Rxb7 13. Nxb5 Rb8 14. O-O
Nxe4 15. Rd1 e6 16. Nxc7+ Ke7 17. Re1 Nd6 18. Ng5 Nf5 19. Nd5+ Ke8 20. Nc3 Nd4
21. Rd1 Nc2 22. Rb1 f6 23. Nxe6 Bb4 24. Bf4 Rc8 25. Nxg7+ Kf8 26. Bh6 Bxc3 27.
bxc3 Kg8 28. Rd7 Re8 29. Nf5 1-0

[Event "Open Nuevo Centro. Jornada 5"]
[Site "Chess.com"]
[Date "2020.07.17"]
[Round "2"]
[White "Gil López, Alejandro"]
[Black "Cayon Pelaez, Pablo"]
[Result "1-0"]
[WhiteElo "2157"]
[BlackElo "1818"]
[PlyCount "47"]
[EventDate "2020.??.??"]

1. e4 e5 2. Nf3 Nc6 3. Bc4 Bc5 4. O-O Nf6 5. d4 exd4 6. e5 d5 7. exf6 dxc4 8.
fxg7 Rg8 9. Re1+ Be6 10. Bh6 Qd5 11. Qe2 O-O-O 12. Nbd2 Qh5 13. Bg5 Rd5 14. Bf6
Be7 15. Bxe7 Nxe7 16. Nxc4 Rxg7 17. Nce5 f6 18. Nd3 Bh3 19. Nf4 Qg4 20. g3 Rf5
21. Ne6 Rxf3 22. Nxg7 Rxg3+ 23. fxg3 Qxg7 24. Qxe7 1-0